000 00440nam a2200169Ia 4500
001 23307
003 IN-NITTTR
005 20251114233302.0
008 251113s9999||||xx |||||||||||||| ||eng||
040 _beng
040 _cIN-NITTTR
041 _aeng
082 _a006.6 F247F
100 _aFarrell, James Alan
245 0 _aFrom pixels to animation :
_b an introduction to graphics programming /
_cFarrell, James Alan
942 _2ddc
_cBK
999 _c25936
_d25936